|
|
|
|
| LEADER |
00000nam0a2200000 4500 |
| 001 |
326787 |
| 005 |
20231102003909.0 |
| 020 |
|
|
|a RU
|b 80-34598
|
| 035 |
|
|
|a (RuTPU)RU\TPU\book\352447
|
| 090 |
|
|
|a 326787
|
| 100 |
|
|
|a 20170116d1977 k y0rusy5003 ca
|
| 101 |
0 |
|
|a rus
|
| 102 |
|
|
|a RU
|
| 105 |
|
|
|a ab z 101zy
|
| 200 |
1 |
|
|a Геохимия ландшафтов и подземных вод
|e [сборник]
|f Кубанский государственный университет ; под ред. К. В. Нестерова
|
| 210 |
|
|
|a Краснодар
|c Изд-во Кубанского ГУ
|d 1977
|
| 215 |
|
|
|a 207 с.
|c ил.
|
| 225 |
1 |
|
|a Научные труды Кубанского государственного университета
|v Вып. 239
|
| 320 |
|
|
|a Библиография в конце статей
|
| 606 |
1 |
|
|a Географические ландшафты
|x Геохимия
|2 stltpush
|3 (RuTPU)RU\TPU\subj\5906
|9 33891
|
| 606 |
1 |
|
|a Воды подземные
|x Гидрогеохимия
|2 stltpush
|3 (RuTPU)RU\TPU\subj\3158
|9 31613
|
| 610 |
1 |
|
|a Краснодарский край
|
| 610 |
1 |
|
|a химический состав
|
| 610 |
1 |
|
|a геохимическая миграция
|
| 610 |
1 |
|
|a химические элементы
|
| 610 |
1 |
|
|a геохимическая разведка
|
| 610 |
1 |
|
|a нефть
|
| 610 |
1 |
|
|a газ
|
| 610 |
1 |
|
|a Азовское море
|
| 610 |
1 |
|
|a плейстоценовые отложения
|
| 610 |
1 |
|
|a минералогия
|
| 610 |
1 |
|
|a Болгария
|
| 610 |
1 |
|
|a конференции
|
| 610 |
1 |
|
|a Краснодар
|
| 675 |
|
|
|a 911.5:550.4(063)
|z rus
|v 3
|
| 675 |
|
|
|a 556.314.6(063)
|z rus
|v 3
|
| 702 |
|
1 |
|a Нестеров
|b К. В.
|4 340
|
| 712 |
0 |
2 |
|a Кубанский государственный университет
|2 stltpush
|3 (RuTPU)RU\TPU\col\5347
|9 24088
|
| 712 |
1 |
2 |
|a Геохимия ландшафтов и подземных вод
|c конференция
|e Краснодар
|f 1976
|4 570
|
| 801 |
|
0 |
|a RU
|b RuMRKP
|c 19950704
|g psbo
|
| 801 |
|
1 |
|a RU
|b 63413507
|c 20170116
|
| 801 |
|
2 |
|a RU
|b 63413507
|c 20170117
|g RCR
|
| 942 |
|
|
|c BK
|